000 00962nam a2200241 a 4500
999 _c10750
_d10750
001 10750
003 BD-JhCC
005 20180904093116.0
008 180904s20172003bg a|||| |||| 001 0 ben d
020 _a9789848401125
035 _a(BD-JhCC)10750
040 _aBD-JhCC
_dBD-JhCC
041 _aben
082 _a025.32
_bAHA 2017
100 _aআহাম্মদ, এ.ডি.এম আলী
245 _aআধুনিক সূচীকরণ :
_bতাত্ত্বিক ও ব্যবহারিক /
_c এ.ডি.এম আলী আহাম্মদ
260 _aঢাকা :
_bনবরাগ প্রকাশনী,
_c২০১৭.
300 _a২২৬ পৃ. :
_bচিত্রবলী সংযোজীত,
_c২১ সেমি.
504 _aনির্ঘন্ট ও গ্রন্থপঞ্জি অর্ন্তভূক্ত
650 _aসূচীকরণ
650 _aCataloging
942 _2ddc
_cBK